000 00509pab a2200157 454500
008 180718b1985 xxu||||| |||| 00| 0 eng d
100 _aChampati, M.
245 _aA functional approach to fixation of water rate under the priniciples of marginal and average costs - a case study of Salandi irrigation project of Orissa
260 _c1985
300 _a21-37
362 _aJuly
650 _aIrrigation - India - Orissa
700 _aS.C. Patnaik
773 _aIndian Journal of Economic
909 _a11437
999 _c11437
_d11437